LEADER 02159nam a2200409 u 4500 001 000000034493 003 CaOOAMICUS 005 20070226112459.0 008 980119s1997 vc u000 u ita u 020 $a88-209-2346-7 035 $a10780443 040 $aPUL$bita$dBAV 041 0 $aita$aspa$afre$aeng 110 2 $aPontificio Consiglio per l'interpretazione dei testi legislativi.$0(OLS)http://pul/name/11873 245 11$a"Evangelium vitae" e diritto = :$b"Evangelium vitae" and law : acta symposii internationalis in Civitate Vaticana celebrati 23-25 maii 1996 /$ccuraverunt: Alphonsus López Trujillo, Iulianus Herranz, Aelius Sgreccia. 246 31$a"Evangelium vitae" and law 260 $aCittà del Vaticano :$bL.E.V.,$c1997. 300 $a629 p. ;$c25 cm 504 $aBibliografia: p. 625-626. 610 24$aPapi (1978-2005 : Iohannes Paulus PP. II).$tEvangelium vitae.$0(OLS)http://pul/subject/16724 700 1 $aLópez Trujillo, Alfonso,$ccard.,$d1935-2008.$0(OLS)http://pul/name/21286 700 1 $aSgreccia, Elio.$0(OLS)http://pul/name/6486 700 1 $aHerranz, Julián,$csac.$0(OLS)http://pul/name/7735 710 2 $aPontificia accademia per la vita.$0(OLS)http://pul/name/26563 710 2 $aPontificio Consiglio per la famiglia.$0(OLS)http://pul/name/21287 850 $aPUL 852 $aPUL$W1$xSL Religione 1$y3$m37 A 189$j47241$nBK-PRI$b $qStampati$B47241$CPULBib$Z2$F47241 $H $81 910 $aPontificio Consiglio per i testi legislativi$911873 910 $aPontificio Consiglio per i testi legislativi$911873 910 $aPontificium Consilium pro familia$921287 910 $aPontificia academia pro vita$926563 941 1 $a8 961 $aINV: 76982 corrente 996 $6020$a88-209-2346-7$9(OLS)http://pul/number/43284 996 $6245$a"Evangelium vitae" e diritto = :$b"Evangelium vitae" and law : acta symposii internationalis in Civitate Vaticana celebrati 23-25 maii 1996$9(OLS)http://pul/title/47471 996 $6246$a"Evangelium vitae" and law$9(OLS)http://pul/title/47472 996 $6260$aCittà del Vaticano :$bL.E.V.$9(OLS)http://pul/publisher/60342 LEADER 01504nam a2200313 i 4500 001 000000105286 003 CaOOAMICUS 005 20150921113216.0 008 070525s1985 it 000 u ita c 020 $a88-311-3048-X 040 $aPUG$bita$dPUL$dLDB 041 1 $aita$hlat 100 0 $aEgeria,$dsec. IV/V.$0(OLS)http://pul/name/11421 245 10$aPellegrinaggio in terra santa /$cEgeria ; traduzione introduzione e note a cura di Paolo Siniscalco e Lella Scarampi. 260 $aRoma :$bCittà Nuova,$cc1985. 300 $a215 p.$c21 cm 490 1 $aCollana di testi patristici ;$v048 700 1 $aScarampi, Lella.$0(OLS)http://pul/name/29648 700 1 $aSiniscalco, Paolo.$0(OLS)http://pul/name/6643 700 0 $aEgeria,$dsec. IV/V.$tPeregrinatio ad loca sancta.$0(OLS)http://pul/nameTitle/386$0(OLS)http://pul/name/11421$0(OLS)http://pul/title/69165 830 0$aCollana di testi patristici ;$v048.$0(OLS)http://pul/title/17027 850 $aPUL 852 $aPUL$W1$xSL Cons. Gen., Altre Classi 1$y1$m2000 E 48$j117996$qStampati$B117913$CPULBib$Z2$F117913 $H57688 $82 852 $aPUL$W1$xDP1 Fondo S. Lanza$y121$m3 P 98$j168779$qFondi$B169414$CPULBib$Z2$F169414 $HLAN1642 $82 941 1 $a8 941 1 $a1 996 $6020$a88-311-3048-X$9(OLS)http://pul/number/134530 996 $6245$aPellegrinaggio in terra santa$9(OLS)http://pul/title/132470 996 $6260$aRoma :$bCittà Nuova$9(OLS)http://pul/publisher/47927